Le panthéisme d'occident ou le Super laïcisme et le fondement métaphysique de la ré-publique et du socialisme hiérarchiques
Uloženo v:
| Hlavní autor: | |
|---|---|
| Médium: | Kniha |
| Jazyk: | francouzština |
| Vydáno: |
París
Albin Michel
1928
|
| Témata: | |
| Tagy: |
Přidat tag
Žádné tagy, Buďte první, kdo vytvoří štítek k tomuto záznamu!
|
MARC
| LEADER | 00000nam a2200000 a 4500 | ||
|---|---|---|---|
| 001 | UCZ5156 | ||
| 003 | CL-VaPUC | ||
| 008 | 951117e19280000FR |||||||||||||||||fre|d | ||
| 082 | 0 | 4 | |a 147 |b IZO |2 21 |
| 100 | 0 | |a Izoulet, Jean |e author |9 349089 | |
| 245 | 1 | 3 | |a Le panthéisme d'occident ou le Super laïcisme et le fondement métaphysique de la ré-publique et du socialisme hiérarchiques |
| 246 | 1 | 3 | |a La nouvelle ame et le nouveau Dieu |
| 246 | 1 | 3 | |a La nouvelle Eglise et le nouvel état |
| 300 | |a v | ||
| 942 | |c BK | ||
| 945 | |d 19951117 00:00:00 |a cmena | ||
| 260 | |a París |b Albin Michel |c 1928 | ||
| 600 | 0 | |a Dios |9 314467 | |
| 650 | 7 | |a PANTEISMO |2 CL-VaPUC |9 338863 | |
| 650 | 0 | |a Escuelas filosóficas |9 266232 | |
| 650 | 0 | |a Teología |9 258766 | |
| 650 | 0 | |a Metafísica |9 265649 | |
| 650 | 0 | |a Creencia Religiosa |9 316904 | |
| 583 | |a last modification |c 19951117 00:00:00 |k Rodrigo Vera | ||
| 999 | |c 241478 |d 241476 | ||
| 952 | |0 0 |1 0 |4 0 |6 147_000000000000000_IZO_1928 |7 0 |8 P |9 253808 |a BIBEDU |b BIBEDU |c BIBEDU_PB |d 2019-11-19 |h v.6-7 p.1 |i 1574787 |o 147 IZO 1928 |p 1574787 |r 2024-01-25 |w 2019-11-19 |y BK |k FIL | ||
| 952 | |0 0 |1 0 |4 0 |6 147_000000000000000_IZO_1928 |7 0 |8 P |9 253809 |a BIBEDU |b BIBEDU |c BIBEDU_PB |d 2019-11-19 |h v.6-7 p.2 |i 1574795 |o 147 IZO 1928 |p 1574795 |r 2024-01-25 |w 2019-11-19 |y BK |k FIL | ||